Länder Nach Kanada am nächsten mit zwei Buchstaben - Statistiken

Allgemein
  • Dieses Quiz wurde 192 mal gespielt
  • Das Durchschnittsergebnis liegt bei 12 aus 20
Antwortstatistiken
km Land % Korrekt
1232 Bermuda (Vereinigtes Königreich)
95%
0 Vereinigte Staaten
95%
1809 Mexiko
90%
26 Grönland (Dänemark)
75%
2065 Kuba
71%
2625 Jamaika
70%
1238 Russland
68%
1657 Bahamas
66%
2733 Guatemala
66%
2832 Sint Maarten (Niederlande)
64%
2823 Honduras
62%
2642 Belize
61%
1638 Island
59%
2582 Haiti
55%
2644 Dominikanische Republik
49%
8 St Pierre and Miquelon (Frankreich)
49%
2200 Norwegen
47%
2352 Schweden
45%
2342 Finnland
36%
1928 Azoren (Portugal)
21%
Keine übereinstimmenden Quizze gefunden
Verteilung der Resultate
Anzahl Personen mit jedem Resultat
Perzentil nach korrekt beantworteten Fragen
Ihre Resultats-Entwicklung
Sie haben dieses Quiz noch nicht gespielt